00806nam a2200229 a 450000100100000000500170001000800410002704000250006808200160009310000250010924500730013425000120020726000340021930000210025349000180027450000700029259000260036270000320038883000250042095201140044599900170055900004110720201002034626.0130918s2000 sp r 000 0 spa d aDO-SdBNPbspacBNPHU axxxxbS613c1 aSimpson, Mona96764610aA cualquier otro lugar /cMona Simpson ; traducción Marita Osés. a2a. ed. aBarcelona :bTusQuets,c2000. a528 p. ;c22 cm.1 aAndanzasv123 aIncluye datos biográficos del autor en la solapa de la cubierta aInventariado, 2019/BT1 aOsés, Marita,etr.967647 0aAndanzasn123967648 001050718MOaGRbGRcHDd2013-09-18iLF1l0oxxxx S613cp41107-10r2020-06-25w2020-06-25y1ZNo se presta c40597d40597